Conferencia de Emilia Ferreiro /
Guardado en:
| Autor Principal: | |
|---|---|
| Formato: | |
| Materias: | |
| Etiquetas: |
Agregar Etiqueta
Sin Etiquetas, Sea el primero en etiquetar este registro!
|
| LEADER | 00735ngm a22002295g 4500 | ||
|---|---|---|---|
| 001 | CEM.cems021476 | ||
| 008 | 130507b1991##################0###0#####d | ||
| 005 | 20240826163253.0 | ||
| 245 | 1 | 0 | |a Conferencia de Emilia Ferreiro / |c Emilia Ferreiro. |
| 300 | |a 120 | ||
| 500 | |a En soporte VHS, consultar en ventanilla. | ||
| 505 | 0 | |a Conferencia sobre lectoescritura. | |
| 538 | |a Soporte: VHS - Norma: Pal N - Color - Grabación Drd 1991 - Hitachi=0000 | ||
| 100 | 1 | |a Ferreiro, Emilia | |
| 082 | 3 | 7 | |/ FER |
| 653 | |a EDUCACION | ||
| 653 | |a LECTOESCRITURA | ||
| 653 | |a ARGENTINA | ||
| 653 | |a ARGENTINA-EDUCACION | ||
| 653 | |a CONFERENCIAS | ||
| 653 | |a ESCRITURA | ||
| 859 | |a CEMS |b BIB. CEMS - Depto. Recursos Didacticos |h 372 |i FER |k DRD |p 119.12 |t Ej.1 | ||
